banner-ar

الادب الاغريقى : تراثا انسانيا وعالميا / (Record no. 48875)

MARC details
000 -الفاتح
حقل البيانات ثابتة الطول 00623nam a2200193Ia 4500
008 - عناصر البيانات ثابتة الطول - معلومات عامة
حقل البيانات ثابتة الطول 140319s9999 xx 000 0 ara d
040 ## - مصدر الفهرسة
وكالة الفهرسة الأصلية GCL /
وكالة النسخ GCL
082 04 - رقم تصنيف ديوى العشرى
رقم التصنيف 859
رقم المادة ا ا
100 1# - المدخل الرئيسى - إسم شخصى
الإسم الشخصى احمد عتمان
245 10 - بيان العنوان
العنوان الادب الاغريقى : تراثا انسانيا وعالميا /
بيان المسئوليه,etc احمد عتمان
250 ## - بيان الطبعة
بيان الطبعة الثالثة
260 ## - PUBLICATION, DISTRIBUTION, ETC. (IMPRINT)
تاريخ النشر أو التوزيع 1987
300 ## - الوصف المادى
التعداد 549 ص ؛
أبعاد الوعاء 24 سم
490 ## - بيان السلسلة
عنوان السلسلة الهيئة العامة للاستعلامات
رقم المجلد/ التعيين التسلسلي 0
650 04 - المدخل الاضافى بالموضوع-مصطلح موضوعى
مصطلح موضوعي الادب
650 04 - المدخل الاضافى بالموضوع-مصطلح موضوعى
مصطلح موضوعي الادب الاغريقى
942 ## - عناصر المدخل الإضافي( كوها)
مصدر التصنيف او مخطط الترفيف Dewey Decimal Classification
Koha [default] item type كتاب
260 ## - PUBLICATION, DISTRIBUTION, ETC. (IMPRINT)
-- القاهرة :
-- دار المعارف ،
Holdings
حالة التراجع حالة الفقد حالة تلف ليس للاعارة المكان المؤقت الموقع الحالى تاريخ الاكتساب اجمالي اﻻعارات رقم الطلب الباركود تاريخ اخر مشاهدة تاريخ تفعيل السعر نوع وعاء كوها
        مكتبة القاهرة الكبرى مكتبة القاهرة الكبرى 03/26/2014   859\ا ا 117660 03/26/2014 03/26/2014 كتاب
        مكتبة القاهرة الكبرى مكتبة القاهرة الكبرى 03/26/2014   859\ا ا 117661 03/26/2014 03/26/2014 كتاب
        مكتبة القاهرة الكبرى مكتبة القاهرة الكبرى 03/26/2014   859\ا ا 117662 03/26/2014 03/26/2014 كتاب
        مكتبة القاهرة الكبرى مكتبة القاهرة الكبرى 03/26/2014   859\ا ا 117663 03/26/2014 03/26/2014 كتاب

Powered By

EGPV